| 000 | 00465nam a22001817a 4500 | ||
|---|---|---|---|
| 003 | MPLRDC | ||
| 005 | 20220104155759.0 | ||
| 008 | 210129b ||||| |||| 00| 0 eng d | ||
| 020 | _a957-776-352-9 | ||
| 082 | _a418.91 LJG | ||
| 100 | _a刘敬阁、杭群、廖晋堂 | ||
| 245 |
_a古老的仙丹- 真珠传奇 _c |
||
| 250 | _a一版一刷 | ||
| 260 |
_a台湾 _b世茂出版社 _c2002 |
||
| 300 | _b平 | ||
| 650 | _a食物治疗 | ||
| 942 |
_cBK _o418.91 LJG |
||
| 999 |
_c54664 _d54654 |
||